000 00529nam a2200169 i 4500
001 135286
003 ES-MaACL
005 20230906194841.0
007 t|
008 070716s1910 fr ||||1| fre d
100 1 _aTorcy, Louis-Joseph-Gilles de.
_9110625
245 1 4 _aLes espagnoles au Maroc en 1909 /
_cLouis-Joseph-Gilles de Torcy.
260 _aParis ;
_aNancy :
_b[s.n.],
_c1919 (
_fBerger-Levrault)
300 _a279 p., 5 lám., 6 planos :
_bil. ;
_c25 cm.
852 _aES-MaACL
_jB-3451
852 _aES-MaACL
_jC-1856
999 _c135286
_d135286